Cape Town Int. Airport Destinations (Cape Town, South Africa) - Map - Statistics

General Stats
  • This quiz has been taken 39 times
  • The average score is 33 of 46
Answers on the Map
Answers color-coded by a green-red scale on the quiz's map according to % correct below.
 
Answer Stats
Destination % Correct
Atlanta
97%
Addis Ababa
94%
Amsterdam
94%
Doha
94%
Dubai (International)
94%
Frankfurt
94%
Istanbul
94%
London (Gatwick)
94%
London (Heathrow)
94%
Paris (Charles de Gaulle)
94%
Singapore
94%
Washington (Dulles)
94%
Windhoek (Hosea Kutako)
94%
Zürich
94%
Johannesburg (Lanseria)
91%
Johannesburg (O.R. Tambo)
91%
Munich
91%
Newark
91%
São Paulo (Guarulhos)
91%
Dar es Salaam
88%
Durban
88%
Harare
88%
Nairobi (Jomo Kenyatta)
88%
Luanda
85%
Gaborone
79%
Lusaka
79%
Maputo
76%
Mauritius
76%
Kigali
74%
Port Elizabeth
74%
Bloemfontein
68%
Saint Helena
65%
East London
62%
Walvis Bay
59%
Victoria Falls
50%
George
47%
Livingstone
47%
Kimberley
38%
Maun
38%
Manzini
35%
Upington
26%
Kasane
24%
Mbombela
18%
Hoedspruit
15%
Skukuza
12%
Pletternberg Bay
3%
No matching quizzes found
Score Distribution
Percent of People with Each Score
Percentile by Number Answered
Your Score History
You have not taken this quiz